Introduction to the theory of groups of finite order
Saved in:
| Main Author: | |
|---|---|
| Format: | Book |
| Language: | English |
| Published: |
New York :
Dover Publications,
1956
|
| Subjects: | |
| Tags: |
Add Tag
No Tags, Be the first to tag this record!
|
MARC
| LEADER | 00000cam a2200000 i 4500 | ||
|---|---|---|---|
| 001 | 1/105427 | ||
| 008 | 090525s1956 eng d | ||
| 035 | |l 10104822 | ||
| 040 | |a GR-MY-UA |b gre |e aacr | ||
| 041 | 0 | |a eng | |
| 082 | 0 | |a 512.2 |2 (22) | |
| 100 | 1 | |a Carmichael, R. D. |q (Robert Daniel), |d 1879-1967. | |
| 245 | 1 | 0 | |a Introduction to the theory of groups of finite order / |c Robert D. Carmichael |
| 260 | |a New York : |b Dover Publications, |c 1956 | ||
| 300 | |a xiv, 447 σ.; |c 22 εκ. | ||
| 504 | |a Περιέχει ευρετήριο | ||
| 650 | 0 | 0 | |a Group theory. |
| 852 | |a INST |b SAMOS |c MAG |e 20090525 |h 512.2 CAR |p 005300028645 |q 005300028645 |t BK |y 0 | ||
| 901 | |a BIBL3-2009-2 | ||
| 909 | |a Σ |b 158008 | ||
| 970 | |a ΡΟΥΣΣΟΥ |b ΚΩΝΣΤΑΝΤΙΝΑ |z 2009/05/25 | ||